[Event "33rd Leon Blitz Open 2020"]
[Site "chess.com INT"]
[Date "2020.07.14"]
[Round "2"]
[White "Pujari, Rucha"]
[Black "Reimanis, Ritvars"]
[Result "1/2-1/2"]
[WhiteTitle "WIM"]
[BlackTitle "FM"]
[WhiteElo "2244"]
[BlackElo "2421"]
[WhiteFideId "5024528"]
[BlackFideId "11602988"]
[EventDate "2020.07.14"]
[EventType "blitz"]

1. d4 Nf6 2. c4 e6 3. Nf3 d5 4. Nc3 Be7 5. Bf4 O-O 6. e3 Nbd7 7. c5 c6 8. h3 b6
9. b4 a5 10. a3 Ba6 11. Bxa6 Rxa6 12. b5 cxb5 13. c6 b4 14. Nb5 bxa3 15. cxd7
Bb4+ 16. Ke2 Qxd7 17. Qd3 Ne4 18. Rhc1 Rc8 19. Ne5 Rxc1 20. Rxc1 Qd8 21. f3 Nf6
22. Nc6 Qf8 23. Nxb4 axb4 24. Bd6 Qd8 25. Bxb4 a2 26. Na3 Ra8 27. Ra1 Qb8 28.
Rxa2 Qh2 29. Kf2 Nh5 30. Rc2 Ng3 31. Qc3 Nh1+ 32. Kf1 Ng3+ 33. Kf2 Nh1+ 34. Kf1
Ng3+ 35. Ke1 h6 36. Kf2 Nh1+ 37. Kf1 Ng3+ 38. Kf2 Nh1+ 39. Kf1 Ng3+ 40. Kf2 1/2-1/2

[Event "33rd Leon Blitz Open 2020"]
[Site "chess.com INT"]
[Date "2020.07.14"]
[Round "2"]
[White "Gurevich, Dmitry"]
[Black "Eswaran, Ashritha"]
[Result "0-1"]
[WhiteTitle "GM"]
[BlackTitle "WIM"]
[WhiteElo "2399"]
[BlackElo "2244"]
[WhiteFideId "2000407"]
[BlackFideId "2080788"]
[EventDate "2020.07.14"]
[EventType "blitz"]

1. d4 Nf6 2. c4 e6 3. Nc3 Bb4 4. e3 O-O 5. Bd3 d5 6. cxd5 exd5 7. Ne2 c6 8. O-O
Nbd7 9. f3 Nb6 10. e4 c5 11. a3 Bxc3 12. bxc3 dxe4 13. fxe4 cxd4 14. cxd4 Bg4
15. e5 Nfd5 16. Bd2 Bh5 17. Be4 Bg6 18. Bxg6 hxg6 19. Qb3 Qd7 20. a4 Rac8 21.
Rfc1 Rxc1+ 22. Rxc1 Rc8 23. a5 Rxc1+ 24. Bxc1 Nc8 25. Ba3 Nce7 26. Bd6 Qc6 27.
Bxe7 Nxe7 28. Nc3 Qd7 29. d5 Qc7 30. d6 Qc5+ 31. Kf1 Nc6 32. e6 Qf5+ 33. Ke1
Qe5+ 34. Kf1 Qf4+ 35. Ke1 Qe3+ 36. Kd1 fxe6 37. Qc4 Qg1+ 38. Kc2 Qxg2+ 39. Qe2
Qxe2+ 40. Nxe2 Kf8 41. Nf4 Nxa5 42. Nxe6+ Ke8 0-1

[Event "33rd Leon Blitz Open 2020"]
[Site "chess.com INT"]
[Date "2020.07.14"]
[Round "2"]
[White "Bethke, Richard"]
[Black "Skliarov, Viktor"]
[Result "1-0"]
[WhiteTitle "FM"]
[BlackTitle "IM"]
[WhiteElo "2332"]
[BlackElo "2376"]
[WhiteFideId "12959243"]
[BlackFideId "14106736"]
[EventDate "2020.07.14"]
[EventType "blitz"]

1. e4 c5 2. Nf3 Nc6 3. d4 cxd4 4. Nxd4 Nf6 5. Nc3 e5 6. Ndb5 d6 7. Bg5 a6 8. Na3
b5 9. Nd5 Be7 10. Bxf6 Bxf6 11. c3 O-O 12. Nc2 Rb8 13. Be2 Bg5 14. g3 Ne7 15. h4
Bh6 16. Ncb4 Bb7 17. Nxe7+ Qxe7 18. Nd5 Bxd5 19. Qxd5 Rfc8 20. O-O Rc5 21. Qd3
b4 22. cxb4 Rxb4 23. Qxa6 Rxb2 24. Rab1 Rxb1 25. Rxb1 g6 26. a4 Bd2 27. Rb5 Rc1+
28. Kg2 Qf6 29. Rb8+ Kg7 30. Qa8 h5 31. Rh8 Qe6 32. a5 Ra1 33. a6 Qa2 34. Qf8+
Kf6 35. Qxd6+ Kg7 36. Rd8 Bc3 37. Qf8+ Kf6 38. Rd6+ Qe6 39. Rxe6+ Kxe6 40. Bc4+
Kd7 41. Qxf7+ 1-0

[Event "33rd Leon Blitz Open 2020"]
[Site "chess.com INT"]
[Date "2020.07.14"]
[Round "2"]
[White "Nguyen, Thi Thanh An"]
[Black "Budrewicz, Krzysztof"]
[Result "0-1"]
[WhiteTitle "WGM"]
[WhiteElo "2285"]
[BlackElo "2227"]
[WhiteFideId "12400300"]
[BlackFideId "1127950"]
[EventDate "2020.07.14"]
[EventType "blitz"]

1. d4 Nf6 2. c4 g6 3. Nc3 Bg7 4. Bf4 O-O 5. e3 d6 6. Nf3 c5 7. Be2 Nc6 8. d5 Na5
9. h3 a6 10. O-O Bf5 11. Nd2 e5 12. Bg3 Bd7 13. a3 b5 14. cxb5 axb5 15. b4 cxb4
16. axb4 Nc4 17. Nxc4 bxc4 18. Rxa8 Qxa8 19. Qa1 Qb7 20. Rb1 Ra8 21. Qb2 Rc8 22.
e4 Ne8 23. Bg4 f5 24. Bf3 Bh6 25. Qe2 Qb6 26. Kh1 Nc7 27. exf5 gxf5 28. Bh5 Qd4
29. Nd1 Nxd5 30. f3 Qd3 31. Qxd3 cxd3 32. b5 d2 33. b6 Rc1 0-1

[Event "33rd Leon Blitz Open 2020"]
[Site "chess.com INT"]
[Date "2020.07.14"]
[Round "2"]
[White "Salinas Herrera, Pablo"]
[Black "Sadhwani, Raunak"]
[Result "1-0"]
[WhiteTitle "GM"]
[BlackTitle "GM"]
[WhiteElo "2514"]
[BlackElo "2545"]
[WhiteFideId "3407128"]
[BlackFideId "35093487"]
[EventDate "2020.07.14"]
[EventType "blitz"]

1. e4 c6 2. Nf3 d5 3. Nc3 dxe4 4. Nxe4 Nf6 5. Qe2 Na6 6. Nxf6+ gxf6 7. g3 Nc7 8.
Bg2 Be6 9. O-O Qd7 10. Re1 h5 11. b3 Bg4 12. Bb2 O-O-O 13. d4 h4 14. c4 hxg3 15.
fxg3 e6 16. Qf2 Rh5 17. d5 Rf5 18. h3 Bxf3 19. Bxf3 cxd5 20. cxd5 Kb8 21. dxe6
fxe6 22. Rad1 Qe8 23. Kg2 Bc5 24. Qe2 Rxd1 25. Rxd1 Qg8 26. g4 Nd5 27. Kh1 Nf4
28. Qe4 Rd5 29. Qxf4+ 1-0

[Event "33rd Leon Blitz Open 2020"]
[Site "chess.com INT"]
[Date "2020.07.14"]
[Round "2"]
[White "Svane, Rasmus"]
[Black "Preotu, Razvan"]
[Result "0-1"]
[WhiteTitle "GM"]
[BlackTitle "GM"]
[WhiteElo "2613"]
[BlackElo "2487"]
[WhiteFideId "4657101"]
[BlackFideId "2613280"]
[EventDate "2020.07.14"]
[EventType "blitz"]

1. Nf3 Nf6 2. g3 d5 3. Bg2 g6 4. O-O Bg7 5. d4 O-O 6. c4 dxc4 7. Na3 c3 8. bxc3
c5 9. Bb2 Nc6 10. Re1 Qb6 11. Nc4 Qa6 12. Ncd2 Bd7 13. Nb3 cxd4 14. cxd4 b6 15.
Ne5 Rac8 16. e3 Na5 17. Nxd7 Nxd7 18. Bf1 Nc4 19. Nd2 b5 20. Nxc4 bxc4 21. Bc3
Qa3 22. Qc1 Qd6 23. f4 Nb6 24. Rb1 Nd5 25. Ba5 c3 26. a3 Nxe3 27. Rxe3 Bxd4 28.
Bb4 Qe6 29. Kf2 c2 30. Rb3 Qxb3 31. Bd2 Rfd8 32. Ba6 Bxe3+ 33. Bxe3 Rd1 34. Bxc8
Rxc1 35. Bxc1 Qb1 0-1

[Event "33rd Leon Blitz Open 2020"]
[Site "chess.com INT"]
[Date "2020.07.14"]
[Round "2"]
[White "Rosenberg, Evan S"]
[Black "Villalba, Marcelo"]
[Result "0-1"]
[BlackTitle "IM"]
[WhiteElo "2125"]
[BlackElo "2258"]
[WhiteFideId "2019299"]
[BlackFideId "3701859"]
[EventDate "2020.07.14"]
[EventType "blitz"]

1. Nf3 c5 2. c4 Nc6 3. g3 g6 4. Bg2 Bg7 5. Nc3 e5 6. O-O d6 7. a3 a5 8. Rb1 Nge7
9. d3 O-O 10. Ne1 Be6 11. Nc2 Rb8 12. b4 axb4 13. axb4 b6 14. b5 Nd4 15. Nxd4
exd4 16. Ne4 h6 17. Bf4 Nc8 18. Qc1 Kh7 19. h4 f5 20. h5 fxe4 21. hxg6+ Kxg6 22.
Bxe4+ Bf5 23. Bc6 Be5 24. Bxh6 Rh8 25. Bf4 Bxf4 26. Qxf4 Qg5 27. Qxg5+ Kxg5 28.
Ra1 Rh7 29. e3 Ne7 30. e4 Nxc6 31. bxc6 Kg4 32. exf5 Rbh8 33. f3+ Kxg3 0-1

[Event "33rd Leon Blitz Open 2020"]
[Site "chess.com INT"]
[Date "2020.07.14"]
[Round "2"]
[White "Manolache, Marius"]
[Black "Degenbaev, Aziz"]
[Result "1-0"]
[WhiteTitle "GM"]
[WhiteElo "2541"]
[BlackElo "1816"]
[WhiteFideId "1201530"]
[BlackFideId "13802640"]
[EventDate "2020.07.14"]
[EventType "blitz"]

1. d4 d5 2. Nf3 Nf6 3. c4 c6 4. Qc2 a6 5. e3 g6 6. Bd3 Bg7 7. Nbd2 O-O 8. O-O
Bg4 9. Ne5 Nbd7 10. Nxg4 Nxg4 11. h3 Nh6 12. f4 c5 13. cxd5 cxd4 14. e4 Rc8 15.
Qd1 Nc5 16. Bb1 d3 17. Nb3 Nxe4 18. Qxd3 Nf6 19. Rd1 Nf5 20. Qf3 Nd6 21. Bd3 a5
22. Be3 Nd7 23. Rab1 a4 24. Nd2 Nc5 25. Bf1 f5 26. Nc4 Nce4 27. Nxd6 Qxd6 28.
Bd3 Nf6 29. b3 axb3 30. axb3 Rfd8 31. Bc4 Ne4 32. Rbc1 b5 33. Bxb5 Nc3 34. Bc4
Nxd1 35. Rxd1 e6 36. Rd2 e5 37. fxe5 Qxe5 38. Bf4 Qe1+ 39. Kh2 Be5 40. Re2 Bxf4+
41. Qxf4 Qa1 42. Qh4 Re8 43. d6+ Kg7 44. d7 Rxe2 45. dxc8=Q Qe5+ 46. Qg3 Qxg3+ 1-0

[Event "33rd Leon Blitz Open 2020"]
[Site "chess.com INT"]
[Date "2020.07.14"]
[Round "2"]
[White "Henderson de La Fuente, Lance"]
[Black "Smirnov, Anton"]
[Result "0-1"]
[WhiteTitle "GM"]
[BlackTitle "GM"]
[WhiteElo "2491"]
[BlackElo "2597"]
[WhiteFideId "32096585"]
[BlackFideId "3208923"]
[EventDate "2020.07.14"]
[EventType "blitz"]

1. d4 d5 2. Nf3 Nf6 3. c4 c6 4. e3 Bg4 5. Nc3 e6 6. h3 Bh5 7. Be2 Nbd7 8. O-O
Bd6 9. Nd2 Bg6 10. b3 O-O 11. Bb2 Re8 12. Nf3 Rc8 13. Bd3 Ne4 14. Bxe4 dxe4 15.
Nd2 f5 16. a4 Qh4 17. Ba3 Bb8 18. Rc1 Nf6 19. f4 exf3 20. Nxf3 Qh6 21. Qe2 Bh5
22. e4 Bf4 23. Rce1 Bg3 24. Rd1 e5 25. Bc1 f4 26. dxe5 Rxe5 27. Qd3 Bxf3 28.
Qxf3 Nh5 29. Rd7 Qg6 30. Rfd1 Bh4 31. R1d6 Qg5 32. Rxb7 Re7 33. Rxe7 Qc5+ 34.
Kh2 Qxd6 35. Rb7 Bg3+ 36. Kg1 Qd4+ 37. Kf1 Rd8 38. Qxh5 Qf2# 0-1

[Event "33rd Leon Blitz Open 2020"]
[Site "chess.com INT"]
[Date "2020.07.14"]
[Round "2"]
[White "Sarana, Alexey"]
[Black "Nguyen, Thanh Thuy Tien"]
[Result "1-0"]
[WhiteTitle "GM"]
[BlackTitle "WIM"]
[WhiteElo "2654"]
[BlackElo "1971"]
[WhiteFideId "24133795"]
[BlackFideId "12400998"]
[EventDate "2020.07.14"]
[EventType "blitz"]

1. d4 Nf6 2. c4 e6 3. Nf3 d5 4. Nc3 a6 5. cxd5 exd5 6. Qb3 c6 7. e4 dxe4 8. Ng5
Qe7 9. Bc4 Be6 10. Nxe6 fxe6 11. Bxe6 Qb4 12. Bg5 Qxb3 13. Bxb3 Be7 14. O-O-O
Nbd7 15. Rhe1 h6 16. Bh4 g5 17. Bg3 Bb4 18. f3 Kd8 19. fxe4 Re8 20. e5 Nd5 21.
Kc2 N7b6 22. Re2 a5 23. a4 Nxc3 24. bxc3 Be7 25. Rf2 Nd5 26. Bxd5 cxd5 27. Rb1
Kc7 28. Rb5 h5 29. h3 b6 30. Rxd5 Kc6 31. Rb5 Rad8 32. Rf7 Rd5 33. Rxd5 Kxd5 34.
Kd3 Ke6 35. Rh7 Kf5 36. Rh6 Bd8 37. Be1 h4 38. Bd2 Rg8 39. e6 Be7 40. d5 Ke5 41.
c4 Rf8 42. Rh7 Bd6 43. Rg7 Bc5 44. Rxg5+ Kd6 45. Rg4 Rf2 46. Bf4+ Ke7 47. Bg5+
Kd6 48. Bxh4 Ra2 49. Rg7 Ra3+ 50. Ke4 Re3+ 51. Kf4 Re5 52. Be7+ Kc7 53. Bxc5+ 1-0

[Event "33rd Leon Blitz Open 2020"]
[Site "chess.com INT"]
[Date "2020.07.14"]
[Round "2"]
[White "Schut, Han"]
[Black "Rychagov, Andrey"]
[Result "0-1"]
[BlackTitle "GM"]
[WhiteElo "2101"]
[BlackElo "2545"]
[WhiteFideId "1005561"]
[BlackFideId "4119932"]
[EventDate "2020.07.14"]
[EventType "blitz"]

1. e4 c5 2. Nf3 e6 3. c4 Nc6 4. Nc3 Nf6 5. Be2 Nd4 6. O-O d6 7. d3 Be7 8. Be3 e5
9. Rb1 O-O 10. a3 Ng4 11. Nd5 Nxe3 12. fxe3 Nc6 13. b4 b6 14. d4 Bg4 15. b5 Na5
16. h3 Bxf3 17. Rxf3 Rc8 18. Qf1 cxd4 19. exd4 exd4 20. a4 f6 21. Rg3 f5 22.
exf5 Bf6 23. Bd3 Re8 24. Nf4 Qd7 25. Ne6 Kh8 26. Nf4 Re5 27. Nd5 Qf7 28. Kh2
Rxd5 29. cxd5 Be5 30. Qf3 Rc3 31. Kh1 Bxg3 32. Qxg3 Nb7 33. Rd1 Nc5 34. Qxd6
Rxd3 35. Rxd3 Nxd3 36. Qe6 Qxe6 37. fxe6 Kg8 38. d6 Kf8 39. g4 Nf4 40. e7+ Ke8
41. Kh2 d3 42. Kg3 d2 0-1

[Event "33rd Leon Blitz Open 2020"]
[Site "chess.com INT"]
[Date "2020.07.14"]
[Round "2"]
[White "Lopez Calderon, Alfonso Al"]
[Black "Pesotskiy, Mikhail"]
[Result "0-1"]
[WhiteTitle "CM"]
[BlackTitle "FM"]
[WhiteElo "2120"]
[BlackElo "2245"]
[WhiteFideId "5116619"]
[BlackFideId "34164453"]
[EventDate "2020.07.14"]
[EventType "blitz"]

1. e4 e6 2. Nf3 d5 3. Nc3 Nf6 4. e5 Nfd7 5. d4 c5 6. dxc5 Nc6 7. Bf4 Nxc5 8. Be2
a6 9. a3 b5 10. O-O Qb6 11. Qd2 Bb7 12. Rfe1 Rc8 13. Rad1 Qc7 14. Bf1 Qb6 15.
Nd4 Nxd4 16. Qxd4 Nd7 17. Qd2 b4 18. axb4 Bxb4 19. Re3 d4 20. Qxd4 Qxd4 21. Rxd4
Bc5 22. Red3 Bxd4 23. Rxd4 Nc5 24. Rb4 O-O 25. Be3 Ba8 26. Rb6 Nd7 27. Rxa6 Nxe5
28. h3 Nc4 29. Bxc4 Rxc4 30. Rb6 Rfc8 31. Kf1 h5 32. f3 e5 33. Ke2 e4 34. f4 f5
35. Rb5 g6 36. Rb6 Kg7 37. Bd2 R4c6 38. Rb4 Rd8 39. Be3 Kh6 40. Ra4 Rb8 41. Ra2
Rc4 42. Na4 0-1

[Event "33rd Leon Blitz Open 2020"]
[Site "chess.com INT"]
[Date "2020.07.14"]
[Round "2"]
[White "Olsen, Filip Boe"]
[Black "Christensen, Thomas2"]
[Result "1-0"]
[WhiteTitle "IM"]
[BlackTitle "CM"]
[WhiteElo "2353"]
[BlackElo "2143"]
[WhiteFideId "1440640"]
[BlackFideId "1407635"]
[EventDate "2020.07.14"]
[EventType "blitz"]

1. d4 Nc6 2. Nf3 d6 3. Bf4 g6 4. e3 Bg7 5. c3 e6 6. Nbd2 Nge7 7. h3 O-O 8. Be2
h6 9. O-O g5 10. Bh2 Ng6 11. Bd3 f5 12. Re1 e5 13. dxe5 Ncxe5 14. Nxe5 Nxe5 15.
Qb3+ Kh8 16. Bf1 f4 17. exf4 gxf4 18. Be2 Qg5 19. Kh1 Rb8 20. Nf3 Nxf3 21. Bxf3
Be5 22. c4 Rg8 23. c5 Bd7 24. cxd6 cxd6 25. Rad1 Bc6 26. Rg1 Bxf3 27. Qxf3 Rg7
28. Rd5 Rbg8 29. b3 Qf5 30. a4 Qe6 31. a5 b6 32. axb6 axb6 33. b4 Ra7 34. Rgd1
Ra2 35. Bxf4 Rf8 36. Bxe5+ 1-0

[Event "33rd Leon Blitz Open 2020"]
[Site "chess.com INT"]
[Date "2020.07.14"]
[Round "2"]
[White "Van Foreest, Jorden"]
[Black "Arencibia Monduy, Antonio"]
[Result "1-0"]
[WhiteTitle "GM"]
[BlackTitle "CM"]
[WhiteElo "2682"]
[BlackElo "2148"]
[WhiteFideId "1039784"]
[BlackFideId "3507939"]
[EventDate "2020.07.14"]
[EventType "blitz"]

1. e4 c5 2. Nc3 a6 3. Nge2 e6 4. d4 cxd4 5. Nxd4 d6 6. Bd3 Nf6 7. O-O Be7 8. a4
b6 9. f4 Qc7 10. Qf3 Bb7 11. f5 e5 12. Nb3 h6 13. Be3 Nbd7 14. Nd2 O-O 15. g4 d5
16. exd5 Bc5 17. Nc4 e4 18. Nxe4 Nxe4 19. Bxe4 Bxe3+ 20. Nxe3 Rfe8 21. d6 Qc5
22. Bxb7 Rxe3 23. Qc6 Rd8 24. Qxc5 Nxc5 25. Bf3 Rxd6 26. Kf2 Re7 27. a5 Rd2+ 28.
Kg3 b5 29. Rfe1 Rxe1 30. Rxe1 Rxc2 31. b4 Na4 32. Re8+ Kh7 33. Bd5 Rc3+ 34. Kf4
Rc7 35. Ra8 Nc3 36. Bb3 Ne2+ 37. Ke5 f6+ 38. Kd6 Rc3 39. Bg8+ Kh8 40. Bf7+ Kh7
41. Bg6# 1-0

[Event "33rd Leon Blitz Open 2020"]
[Site "chess.com INT"]
[Date "2020.07.14"]
[Round "2"]
[White "Schrik, Rachid"]
[Black "Divya, Deshmukh"]
[Result "0-1"]
[WhiteTitle "CM"]
[BlackTitle "WIM"]
[WhiteElo "2198"]
[BlackElo "2305"]
[WhiteFideId "1009818"]
[BlackFideId "35006916"]
[EventDate "2020.07.14"]
[EventType "blitz"]

1. d4 Nf6 2. c4 e6 3. Nc3 d5 4. cxd5 exd5 5. Bg5 Bb4 6. Qc2 h6 7. Bh4 O-O 8. e3
c5 9. a3 Bxc3+ 10. bxc3 Nc6 11. Nf3 Bg4 12. Bb5 Rb8 13. Bxc6 bxc6 14. Ne5 g5 15.
Bg3 Rc8 16. h4 Be6 17. hxg5 hxg5 18. Nf3 Ne4 19. Nd2 Bf5 20. Nxe4 Bxe4 21. Qe2
Bg6 22. Qg4 f6 23. dxc5 Qa5 24. Qe6+ Kg7 25. Qh3 Qxc3+ 26. Ke2 Qb2+ 27. Kf3 Be4+
28. Kg4 f5+ 29. Kxg5 Qf6+ 30. Kf4 Rh8 31. Qxh8+ Rxh8 32. Rxh8 Kxh8 33. Rh1+ Kg7
34. Bh4 Qf8 35. f3 Bd3 36. Bg5 Qxc5 37. Bh6+ Kf7 38. Kg5 Qe7+ 39. Kf4 Qd6+ 40.
Kg5 f4 41. exf4 Qg6+ 0-1

[Event "33rd Leon Blitz Open 2020"]
[Site "chess.com INT"]
[Date "2020.07.14"]
[Round "2"]
[White "Adhiban, Baskaran"]
[Black "Ajay, Karthikeyan"]
[Result "1/2-1/2"]
[WhiteTitle "GM"]
[BlackTitle "FM"]
[WhiteElo "2659"]
[BlackElo "2315"]
[WhiteFideId "5018471"]
[BlackFideId "35011685"]
[EventDate "2020.07.14"]
[EventType "blitz"]

1. e4 c5 2. Nc3 g6 3. d4 cxd4 4. Qxd4 Nf6 5. Nf3 Nc6 6. Qa4 d6 7. e5 dxe5 8.
Nxe5 Bg7 9. Nxc6 bxc6 10. Be2 O-O 11. O-O Nd5 12. Ne4 Bf5 13. Ng3 Nb6 14. Qb3
Be6 15. Qa3 Nc4 16. Bxc4 Bxc4 17. Re1 Qb6 18. c3 Rfe8 19. Be3 Qc7 20. Bd4 e5 21.
Bc5 f5 22. Rad1 e4 23. Bd4 Bf8 24. Qa4 Bb5 25. Qb3+ Qf7 26. Qxf7+ Kxf7 27. Be3
Red8 28. f3 exf3 29. gxf3 a5 30. b3 c5 31. c4 Bc6 32. Kf2 a4 33. Ne2 Rxd1 34.
Rxd1 axb3 35. axb3 Ra2 36. Rd2 Rxd2 37. Bxd2 Bd6 38. Bf4 Be7 39. Nc1 g5 40. Bb8
g4 41. fxg4 fxg4 42. Nd3 Be4 43. Ke3 Bxd3 44. Kxd3 Ke6 45. Ke4 h5 46. Bc7 Bf6
47. Bb8 Be7 48. Bc7 Bf6 49. Bb8 1/2-1/2

[Event "33rd Leon Blitz Open 2020"]
[Site "chess.com INT"]
[Date "2020.07.14"]
[Round "2"]
[White "Bujisho, Benjamin"]
[Black "Lintchevski, Daniil"]
[Result "1/2-1/2"]
[WhiteTitle "IM"]
[BlackTitle "GM"]
[WhiteElo "2290"]
[BlackElo "2559"]
[WhiteFideId "608610"]
[BlackFideId "4171055"]
[EventDate "2020.07.14"]
[EventType "blitz"]

1. d4 d5 2. c4 dxc4 3. e4 e5 4. Nf3 exd4 5. Bxc4 Bb4+ 6. Bd2 Bxd2+ 7. Nbxd2 Nc6
8. Nb3 Bg4 9. Bb5 Ne7 10. Nbxd4 Bxf3 11. Nxf3 O-O 12. O-O a6 13. Bc4 Ng6 14.
Qxd8 Rfxd8 15. Rfd1 Nce5 16. Nxe5 Nxe5 17. Bb3 g5 18. h3 Kf8 19. g3 a5 20. Kg2
Ke7 21. a3 a4 22. Rxd8 Kxd8 23. Rd1+ Ke7 24. Bc2 Nc4 25. Rd4 b5 26. Bd3 c5 27.
Rd5 Nxb2 28. Bxb5 c4 29. Rd7+ Kf6 30. Rc7 Ke5 31. Bxc4 Kd6 32. Bd5 Kxc7 33. Bxa8
Nc4 34. Bd5 Nxa3 35. Bxf7 Nb5 36. f4 a3 37. Kf3 Kd6 38. Kg4 gxf4 39. gxf4 Ke7
40. Bb3 Nc3 41. e5 a2 42. Bxa2 Nxa2 43. Kg5 Nb4 44. f5 Nc6 45. e6 Nd4 46. h4
Nxe6+ 47. fxe6 Kxe6 48. Kh6 Kf7 49. Kxh7 Kf8 50. h5 Kf7 51. Kh8 Kf8 52. h6 Kf7
53. Kh7 Kf8 54. Kg6 Kg8 55. h7+ Kh8 56. Kf5 Kxh7 1/2-1/2

[Event "33rd Leon Blitz Open 2020"]
[Site "chess.com INT"]
[Date "2020.07.14"]
[Round "2"]
[White "Grigoriants, Sergey"]
[Black "Williams, Simon K"]
[Result "0-1"]
[WhiteTitle "GM"]
[BlackTitle "GM"]
[WhiteElo "2542"]
[BlackElo "2464"]
[WhiteFideId "4130804"]
[BlackFideId "404454"]
[EventDate "2020.07.14"]
[EventType "blitz"]

1. e4 e6 2. d4 d5 3. Nd2 Nf6 4. e5 Nfd7 5. Bd3 c5 6. c3 Nc6 7. Ndf3 Qa5 8. Kf1
b6 9. Ne2 Ba6 10. h4 Rc8 11. Bxa6 Qxa6 12. g3 cxd4 13. cxd4 Nb4 14. a3 Qd3 15.
Kg2 Qxd1 16. Rxd1 Nc6 17. Bd2 b5 18. a4 b4 19. Rac1 Nb6 20. b3 Be7 21. Ne1 Kd7
22. Nd3 Na5 23. Rb1 Rc2 24. Kf1 Nc6 25. Ke1 f6 26. f4 fxe5 27. dxe5 d4 28. Rdc1
Rxc1+ 29. Rxc1 Nd5 30. Rc4 Na5 31. Rxd4 Nxb3 32. Rc4 Nxd2 33. Kxd2 Rb8 34. Nd4
g6 35. Nc5+ Bxc5 36. Rxc5 b3 37. Kc1 Rb4 38. Ne2 Rxa4 39. Rb5 Ra1+ 40. Kd2 Ra2+
41. Kd3 Rxe2 0-1

[Event "33rd Leon Blitz Open 2020"]
[Site "chess.com INT"]
[Date "2020.07.14"]
[Round "2"]
[White "Aslanov, Umid"]
[Black "Altman, Joshua"]
[Result "0-1"]
[WhiteTitle "CM"]
[BlackTitle "CM"]
[WhiteElo "2019"]
[BlackElo "1926"]
[WhiteFideId "13412620"]
[BlackFideId "426210"]
[EventDate "2020.07.14"]
[EventType "blitz"]

1. e4 e6 2. d4 d5 3. Nd2 Nf6 4. e5 Nfd7 5. Bd3 c5 6. c3 Nc6 7. Ne2 Qb6 8. Nf3
cxd4 9. cxd4 f6 10. exf6 Nxf6 11. O-O Bd6 12. Bf4 Bxf4 13. Nxf4 Qxb2 14. Re1 O-O
15. Nxe6 Bxe6 16. Rxe6 Rae8 17. Bf5 Ne4 18. Bxe4 dxe4 19. Rxe8 Rxe8 20. Rb1 Qxa2
21. Ne5 Nxd4 22. Rxb7 Qd5 23. Rd7 Qxe5 24. Qxd4 Qxd4 25. Rxd4 Kf7 26. Kf1 Re7
27. Ke2 Kf6 28. Rd5 Ke6 29. Ra5 Kd6 30. Ke3 Kc6 31. Ra4 Kb5 32. Rd4 a5 33. Rd5+
Kb4 34. Rd4+ Kb3 35. Rd8 a4 36. Rb8+ Ka2 37. h4 a3 38. g4 Ka1 39. h5 a2 40. g5
Re5 41. Kf4 Rc5 42. Kxe4 Rxg5 43. Kd3 Rxh5 44. Kc2 Rc5+ 45. Kd2 h5 46. Ke3 Rc1
47. Kd2 Rb1 48. Rc8 Rb2+ 49. Kc3 Kb1 0-1

[Event "33rd Leon Blitz Open 2020"]
[Site "chess.com INT"]
[Date "2020.07.14"]
[Round "2"]
[White "Vlassov, Nikolai"]
[Black "Eswaran, Aksithi"]
[Result "1-0"]
[WhiteTitle "IM"]
[BlackTitle "WCM"]
[WhiteElo "2352"]
[BlackElo "1745"]
[WhiteFideId "4103360"]
[BlackFideId "2083485"]
[EventDate "2020.07.14"]
[EventType "blitz"]

1. e4 c5 2. c3 d5 3. exd5 Qxd5 4. d4 Nf6 5. Nf3 Bg4 6. dxc5 Qxd1+ 7. Kxd1 e6 8.
Be3 Nc6 9. Bb5 O-O-O+ 10. Kc1 Bxf3 11. gxf3 Ne5 12. Be2 Nd5 13. b4 Be7 14. Kc2
Bf6 15. Na3 Nc6 16. Nb5 a6 17. Nd6+ Kb8 18. Bd2 Rhf8 19. a3 b6 20. Ne4 bxc5 21.
Nxc5 Ka7 22. Bxa6 Nc7 23. Be2 Rd5 24. Be3 Kb8 25. Rad1 Rfd8 26. Rxd5 Nxd5 27.
Bd2 Kc7 28. a4 Nb6 29. a5 Nd5 30. Bc4 h6 31. Bxd5 Rxd5 32. Bf4+ Kc8 33. Rd1 Rxd1
34. Kxd1 Bxc3 35. Nd3 Nxb4 36. Nxb4 Bxb4 37. a6 Bc5 38. Ke2 Kd7 39. Be3 Bxe3 40.
Kxe3 Kc7 41. Kd4 Kb6 42. Ke5 Kxa6 43. Kd6 Kb5 44. Ke7 f5 45. Kxe6 g6 46. Kf6 Kc5
47. Kxg6 Kd5 48. Kxf5 Kd6 49. Kg6 1-0

[Event "33rd Leon Blitz Open 2020"]
[Site "chess.com INT"]
[Date "2020.07.14"]
[Round "2"]
[White "Balabayeva, Xeniya"]
[Black "Arribas Lopez, Angel"]
[Result "0-1"]
[WhiteTitle "WFM"]
[BlackTitle "GM"]
[WhiteElo "2146"]
[BlackElo "2434"]
[WhiteFideId "13719688"]
[BlackFideId "2283352"]
[EventDate "2020.07.14"]
[EventType "blitz"]

1. e4 c5 2. Be2 d6 3. f4 g6 4. Nf3 Bg7 5. O-O e6 6. c3 Ne7 7. d4 cxd4 8. cxd4 d5
9. e5 b6 10. Be3 O-O 11. Nc3 Ba6 12. Bxa6 Nxa6 13. Rc1 Qd7 14. Qe2 Nc7 15. Rc2
Rfc8 16. Rfc1 b5 17. a3 a6 18. Nd2 Bf8 19. Nb3 Nf5 20. Bf2 h5 21. Qd2 b4 22.
axb4 Bxb4 23. Nc5 Bxc5 24. dxc5 Qc6 25. Qe1 Rab8 26. h3 Rb4 27. Ne2 Re4 28. Qd2
h4 29. Nd4 Nxd4 30. Bxd4 Nb5 31. Bf2 d4 32. Bxh4 Qd5 33. Bf6 d3 34. Qf2 dxc2 35.
Qh4 Qd1+ 36. Kh2 Qh5 37. Qf2 Re2 0-1

[Event "33rd Leon Blitz Open 2020"]
[Site "chess.com INT"]
[Date "2020.07.14"]
[Round "2"]
[White "Das, Arghyadip"]
[Black "Doluhanova, Evgeniya"]
[Result "1-0"]
[WhiteTitle "IM"]
[BlackTitle "WGM"]
[WhiteElo "2453"]
[BlackElo "2229"]
[WhiteFideId "5003610"]
[BlackFideId "14112035"]
[EventDate "2020.07.14"]
[EventType "blitz"]

1. e4 e5 2. d4 exd4 3. Qxd4 Nc6 4. Qe3 d6 5. c4 Be7 6. Nc3 Be6 7. f4 Nf6 8. Bd2
O-O 9. O-O-O Na5 10. b3 a6 11. Nd5 Bxd5 12. cxd5 b6 13. Nf3 Nb7 14. Nd4 Nc5 15.
Nc6 Qd7 16. Bd3 Rfe8 17. Bc2 Bf8 18. Rhe1 Ncxe4 19. Qd4 Nxd2 20. Qxd2 Rxe1 21.
Rxe1 Re8 22. Rxe8 Qxe8 23. g3 a5 24. Qd3 g6 25. Kd2 Bg7 26. a3 h5 27. b4 axb4
28. axb4 Qd7 29. Bb3 Qh3 30. Qe2 Ng4 31. Qe8+ Kh7 32. Qxf7 Qxh2+ 33. Kd3 Qxg3+
34. Kc4 Qc3+ 35. Kb5 Qxb3 36. Ne7 Qd3+ 37. Kc6 Nf6 38. f5 Qc4+ 39. Kb7 gxf5 40.
Kc8 Qa6+ 41. Kb8 Qd3 42. Qg6+ Kh8 43. Nxf5 Qxf5 44. Qxf5 1-0